| 000 | 00917nam a2200265 4500 | ||
|---|---|---|---|
| 001 | 72896 | ||
| 003 | BD-RjUL | ||
| 005 | 20211209082324.0 | ||
| 008 | 170524s1963 nyuau b 0 1 0eng d | ||
| 035 | _a(BD-RjUL)73114 | ||
| 040 |
_aLC _beng _cLC _dLC |
||
| 041 | _aeng | ||
| 082 | 0 | 4 |
_a615.19 _223 _bHOM 1963 |
| 100 | 1 |
_aHoppe, James O. _9215614 |
|
| 245 | 1 | 0 |
_aMedicinal chemistry / _cJames O. Hoppe, Edward J. Pribyl and Keith W. Wheeler. |
| 260 |
_aNew York : _aLondon : _bJohn wiley, _c1963. |
||
| 300 |
_a v. : _bill. ; _c24 cm. |
||
| 504 | _aIncludes Bibliography and Indexes. | ||
| 505 | _aVol. 6 --a series of reviews prepared under the auspices of the Division of Medicinal Chemistry of the American Chemical Society. | ||
| 650 | 0 |
_aPharmaceutical chemistry _9215615 |
|
| 650 | 0 |
_aBiochemistry _9215616 |
|
| 700 |
_aJ. Pribyl Edward _9215617 |
||
| 700 |
_aWheeler, Keith W. _9215618 |
||
| 942 |
_2ddc _cBK |
||
| 999 |
_c72896 _d72896 |
||